Normal view
MARC view
- تحليل نفسي-شيوعية
Entry Topical Term
001 - CONTROL NUMBER
- control field: 39996
003 - CONTROL NUMBER IDENTIFIER
- control field: JO-AjAnu
005 - DATE AND TIME OF LATEST TRANSACTION
- control field: 20230606080639.0
008 - FIXED-LENGTH DATA ELEMENTS
- fixed length control field: 230606|| aca||aabn | a|a d
040 ## - CATALOGING SOURCE
- Original cataloging agency: JO-AjAnu
- Transcribing agency: JO-AjAnu
150 ## - HEADING--TOPICAL TERM
- Topical term or geographic name entry element: تحليل نفسي-شيوعية
670 ## - SOURCE DATA FOUND
- Source citation: Work cat.: (JO-AjAnu)20505: اوسبورن، روبن، ترجمة الشرقاوي، سعاد؛ مراجعة وتقديم زيور،مصطفى, author 39995, الماركسية والتحليل النفسي